| 000 | 00665nam a2200229 u 4500 | ||
|---|---|---|---|
| 005 | 20220916063618.0 | ||
| 008 | 150219s2006 r 000 0 eng d | ||
| 020 | _a8496573214 | ||
| 035 | _aUPN01000201863 | ||
| 049 | _aI | ||
| 050 | 4 |
_aPZ76.3 _bG3.322 |
|
| 100 | 1 |
_aGalán, Bruno Pep, _d1971- _936586 |
|
| 245 | 1 | 3 |
_aLa cabra boba / _cPep Bruno ; il. Roger Olmos. |
| 260 |
_aPontevedra, Esp. : _bOQO, _c2006. |
||
| 300 |
_a[32] p. : _bprincipalmente il. col. |
||
| 440 | 0 | _aO | |
| 650 | 0 |
_aAnimales _vCuentos y leyendas _9234 |
|
| 650 | 7 |
_aLibros ilustrados para niños _2 _921365 |
|
| 700 | 1 |
_aOlmos, Roger, _eil. |
|
| 905 | _aInfantil | ||
| 999 |
_c173964 _d173964 |
||